Trouve le bon rappeur #3 - Statistiques

Statistiques générales
  • Ce quiz a été pris 240 fois
  • Le résultat moyen est 10 sur 20
Statistiques - réponses
Indice Réponse % Correct
Son tube "la kiffance" a fait un carton durant l'été 2021 Naps
96%
Ils sont pas au courant, Maintenant ils savent, Comme prévu, Destin, Jefe Ninho
92%
En featuring avec Freeze Corleone sur le titre "Drill FR 4" Gazo
84%
Il joue un rappeur qui s'appelle Apash dans la série de Canal + "Validé" Hatik
84%
Ce jeune rappeur porte le nom de quelque chose qu'on aime trouver dans la galette des rois La Fève
74%
Il a le même nom qu'un auteur français ayant notamment écrit le roman Germinal Zola
73%
Il a annoncé en 2020 une candidature à la présidentielle américaine Kanye West
69%
Il est mort assassiné le 18 juin 2018 en Floride XXX Tentacion
64%
Tarik Andrieu Ademo
58%
"Posé, il boit son Capri-Sun" Oboy
53%
444nuits Népal
40%
Un rappeur de Vierzon qui pose souvent sur des prods d'Easy Dew ("pétasse") Josman
35%
Il a produit la bande son du film de super-héros Marvel Black Panther Kendrick Lamar
31%
Membre d'Ideal J qui a écrit une "Lettre à la République" Kery James
31%
Il a nommé son deuxième album du nom de sa grand-mère, et sa réédition du nom de son autre grand-mère Lomepal
30%
Rappeur de NY qui a produit la série Power 50 cent
29%
Rappeuse, chanteuse, parolière, compositrice, mannequin et actrice trinidadienne-américaine Nicki Minaj
20%
Son cinquième album studio "Igor" sorti en 2019 reçoit un bon accueil média Tyler the Creator
20%
Ce rappeur originaire du 19ème arrondissement de Paris sort l'album "Offshore" en 2021. Il a également la même année sorti le projet "Private Club" en collaboration avec Jazzy Bazz et Esso Luxueux EDGE
15%
Il rêve d'un putain de Carré bleu Disiz
13%
Aucun quiz correspondant
Distribution des résultats
% des personnes avec chaque résultat
Percentile par nombre de réponses
Votre historique - résultats
Vous n’avez pas pris ce quiz